इक्कीसवी सदी का साहित्यकार (Record no. 173475)

MARC details
000 -LEADER
fixed length control field 00929nam a22002297a 4500
003 - CONTROL NUMBER IDENTIFIER
control field dpl
005 - DATE AND TIME OF LATEST TRANSACTION
control field 20200226134124.0
008 - FIXED-LENGTH DATA ELEMENTS--GENERAL INFORMATION
fixed length control field 200226b ||||| |||| 00| 0 eng d
010 ## - LIBRARY OF CONGRESS CONTROL NUMBER
LC control number B-057591
020 ## - INTERNATIONAL STANDARD BOOK NUMBER
Terms of availability 150.00
035 ## - SYSTEM CONTROL NUMBER
System control number B-057591
040 ## - CATALOGING SOURCE
Transcribing agency 0
050 ## - LIBRARY OF CONGRESS CALL NUMBER
Classification number 827
Item number शर्मापू
082 ## - DEWEY DECIMAL CLASSIFICATION NUMBER
Classification number 827
Item number शर्मापू
100 ## - MAIN ENTRY--PERSONAL NAME
Personal name सरमा,पूरम
245 ## - TITLE STATEMENT
Title इक्कीसवी सदी का साहित्यकार
Statement of responsibility, etc पूरम सरमा
Medium HN
246 ## - VARYING FORM OF TITLE
Title proper/short title EKKISVIN SADI KA SAHITYAKAR
Medium HN
260 ## - PUBLICATION, DISTRIBUTION, ETC. (IMPRINT)
Place of publication, distribution, etc बीकानेर
Name of publisher, distributor, etc किशनलाल गाड़ोदिया
Date of publication, distribution, etc 2000
270 ## - ADDRESS
Address फड़ बाज़ार
City बीकानेर
Country इंडिया
Postal code 334001
300 ## - PHYSICAL DESCRIPTION
Extent 120 प्र०
Dimensions 13 सेमी
942 ## - ADDED ENTRY ELEMENTS (KOHA)
Source of classification or shelving scheme Dewey Decimal Classification
Koha item type Hindi Books
Classification part 827
Item part शर्मापू
Call number prefix 827
Call number suffix शर्मापू
Holdings
Withdrawn status Lost status Source of classification or shelving scheme Damaged status Not for loan Collection code Home library Current library Date acquired Source of acquisition Cost, normal purchase price Total Checkouts Full call number Barcode Date last seen Cost, replacement price Price effective from Koha item type
    Dewey Decimal Classification     Non-fiction Shahdara Branch Shahdara Branch 26/02/2020 BPPD/PUB 150.00   827 शर्मापू B-057591 26/02/2020 150.00 26/02/2020 Hindi Books

© Delhi Public Library
Hit Counter
free hit counter